000 00953nam a2200229Ia 4500
999 _c39291
_d39291
001 5877
003 GE_BSU
005 20191011104559.0
008 181216s1984||||ge |||||||||||||| ||geo||
040 _cGE_BSU
041 _ageo
080 _a821.353.1-31 ბ - 50
100 _aბეჟანიშვილი, როსტომ
_94684
245 _aმშვიდობა სახელსა ამას /
_cროსტომ ბეჟანიშვილი ; რედ. ლ. არაბიძე ; მხატვ. ს. მელქაძე.
264 _aთბილისი :
_bმერანი ;
_c1984.
300 _a362 გვ. ;
_c20 სმ.
653 _aმშვიდობა სახელსა ამას
653 _aრომანი
700 _aარაბიძე, ლ.
_eრედაქტორი
_94164
700 _aმელქაძე, ს.
_eმხატვარი
_94685
942 _cBK
_2udc